000 00866nam a2200265 i 4500
003 DO-SdBNP
005 20240501092158.0
007 ta
008 230626b2022 dr a|||| |||| 00| 0 spa d
020 _a9789945809725
040 _aDO-SdBNP
_bspa
_cBNPHU
_erda
082 4 _222
100 _aMena, Miguel D.,
_d1961-
_eautor
_972804
245 1 0 _aPoética de Santo Domingo /
_cMiguel D. Mena
264 1 _aSanto Domingo :
_bCieloNaranja,
_c2022.
300 _a498 páginas :
_bilustraciones ;
_c22 cm.
336 _2rdacontent
_atexto
_btxt
337 _2rdamedia
_asin mediación
_bn
338 _2rdacarrier
_avolumen
_bnc
500 _aIncluye referencias bibliográficas y notas al pie de las páginas
500 _aIncluye datos biográficos del autor en la solapa de la cubierta
590 _aInventariado, 2023/BT
910 _aBtavárez
942 _2ddc
_cLBS1
999 _c53957
_d53957